Early childhood education : (Record no. 3231)

MARC details
000 -LEADER
fixed length control field 00694nam a22002172 4500
001 - CONTROL NUMBER
control field 0000007513
005 - DATE AND TIME OF LATEST TRANSACTION
control field 20151217145838.0
008 - FIXED-LENGTH DATA ELEMENTS--GENERAL INFORMATION
fixed length control field 080211s xx 000 0 eng d
020 ## - INTERNATIONAL STANDARD BOOK NUMBER
International Standard Book Number 0761943877 :
Terms of availability KES
040 ## - CATALOGING SOURCE
Original cataloging agency KABU
Transcribing agency KABU
245 10 - TITLE STATEMENT
Title Early childhood education :
Remainder of title society and culture /
Statement of responsibility, etc. edited by Angela Anning Joy Cullen and Marilyn Fleer.
260 ## - PUBLICATION, DISTRIBUTION, ETC. (IMPRINT)
Place of publication, distribution, etc. London :
Name of publisher, distributor, etc. Sage,
Date of publication, distribution, etc. 2004.
300 ## - PHYSICAL DESCRIPTION
Extent xiii,226 p.
650 #0 - SUBJECT ADDED ENTRY--TOPICAL TERM
Topical term or geographic name as entry element Early childhood education.
-- 0000153583
700 1# - ADDED ENTRY--PERSONAL NAME
Personal name Anning, Angela.
-- 0000158766
700 1# - ADDED ENTRY--PERSONAL NAME
Personal name Cullen, Joy.
-- 0000158767
700 1# - ADDED ENTRY--PERSONAL NAME
Personal name Fleer, Marilyn.
-- 0000158768
908 ## - PUT COMMAND PARAMETER (RLIN)
Put command parameter 080211
950 ## - LOCAL HOLDINGS (RLIN)
-- 1
Holdings
Withdrawn status Lost status Source of classification or shelving scheme Not for loan Home library Current library Date acquired Total Checkouts Full call number Barcode Date last seen Price effective from Koha item type
    Library of Congress Classification   Kabarak, Main Campus Kabarak, Main Campus 17/12/2015   LB1139.23 .E27 012088 17/12/2015 17/12/2015 General Collection
Designed with assistance from East African Informatics Ltd